| 000 | 01139cam a2200349 i 4500 | ||
|---|---|---|---|
| 001 | 24194 | ||
| 003 | Mx-PuUPA | ||
| 005 | 20250205141350.0 | ||
| 008 | 140415s2013 mx gr 000 f spa d | ||
| 020 | _a9786071126559 | ||
| 040 |
_aMx-PuUPA _cMx-PuUPA _bspa _dMx-PuUPA _erda |
||
| 041 | 0 | _aspa | |
| 100 | 1 |
_aCortázar, Julio, _d1914-1984 _92794 _eautor |
|
| 245 | 1 | 0 |
_aRayuela / _cJulio Cortázar |
| 250 |
_aPrimera edición / _babril |
||
| 250 | _a50 edición conmemorativa | ||
| 264 | 1 |
_aMéxico, D. F. : _bSantillana Ediciones Generales, _c2013 |
|
| 300 |
_a627 páginas ; _c24 cm |
||
| 336 |
_2rdacontent _atexto _btxt |
||
| 337 |
_2rdamedia _asin medio _bn |
||
| 338 |
_2rdacarrier _avolumen _bnc |
||
| 490 | 0 | _aAlfaguara | |
| 650 | 7 |
_2armarc _913986 _aNovela argentina |
|
| 650 | 7 |
_2armarc _aRelaciones hombre - mujer _vNovela |
|
| 651 | 4 |
_aBuenos Aires (Argentina) _vNovela |
|
| 651 | 4 |
_aParís (Francia) _vNovela |
|
| 942 |
_2ddc _cLI _h863 _iC78 |
||
| 999 |
_c24194 _d24194 |
||